| 000 | 01179 a2200301 4500 | ||
|---|---|---|---|
| 001 | 200129852 | ||
| 999 |
_c200129852 _d31270 |
||
| 003 | TR-AnTOB | ||
| 005 | 20240822145014.0 | ||
| 008 | 130617s tu 000 0 | ||
| 040 | _aTR-AnTOB | ||
| 041 | 0 | _atur | |
| 050 |
_aDF901.T75 _bO44 2010 |
||
| 090 | _aDF901.T75.O44 2010 | ||
| 100 | 1 |
_aÖmeroğlu, Aydın _990912 |
|
| 245 | 0 |
_aBatı Trakya'nın Bölgesel Kalkınma Sorunu ve Azınlığın Katkısı / _cAydın Ömeroğlu. |
|
| 264 | 1 |
_aİskeçe : _b, _c2010 |
|
| 300 |
_a138 sayfa .; _btbl; _c24 cm |
||
| 505 | _aI.Avrupa Birliği'nin Bölgesel Politikası -- II.Batı Trakya Ekonomisi -- III.Bölgesel Kalkınma Sorunu ve Azınlığın Katkısı -- IV.Sonuç ve Bir Öneri -- V.Tanıtım | ||
| 650 | 0 | 0 |
_aTurks _zGreece _zThrace, Western _990913 |
| 650 | 0 | 0 |
_aTurks _xCivil rights _zGreece _xThrace, Western _9106360 |
| 650 | 0 | 0 |
_aTürkler _xMedeni haklar _zYunanistan _zTrakya, Batı _990916 |
| 650 | 0 | 7 |
_aTürkler _zYunanistan _zTrakya, Batı _2etuturkob _990915 |
| 651 |
_aTurkey _xForeign relations _zGreece _924922 |
||
| 651 | 0 |
_aTürkiye _xDış ilişkiler _zYunanistan _973761 |
|
| 700 |
_aÖmeroğlu, Aydın _990912 |
||
| 942 | _cBK | ||